[Event "Remote Superturnier 20 email"]
[Site "Remote email"]
[Date "2014.02.13"]
[Round "?"]
[White "Camacho, Carlos Eduardo"]
[Black "Valverde Lopez, Mario"]
[Result "1/2-1/2"]
[WhiteElo "2301"]
[BlackElo "1988"]
[PlyCount "92"]
[EventDate "2014.??.??"]
[EventType "tourn (corr)"]
[EventRounds "14"]
[EventCountry "GER"]
[SourceTitle "Corr 2015"]
[Source "ChessBase"]
[SourceDate "2015.07.17"]
[SourceVersion "1"]
[SourceVersionDate "2015.07.17"]
[SourceQuality "1"]

1. e4 e5 2. Nf3 Nc6 3. Bc4 Nf6 4. d3 Bc5 5. Nc3 d6 6. Bg5 Be6 7. Nd5 Bxd5 8. Bxd5 0-0 9. c3 a5 10. 0-0 h6 11. Bxf6 Qxf6 12. Bxc6 bxc6 13. Qa4 Rab8 14. b3 Rb5 15. a3 Ra8 16. d4 Ba7 17. dxe5 dxe5 18. Rad1 Bc5 19. Rd3 Qe6 20. Nd2 Rab8 21. c4 R5b7 22. Qxa5 Bd4 23. Nf3 c5 24. Rb1 Rb6 25. Qe1 Ra8 26. a4 Qd6 27. Kf1 Rb4 28. Qd1 Qe6 29. Nh4 Qc6 30. Qg4 h5 31. Qf5 Raxa4 32. Re1 Ra2 33. Qc8+ Kh7 34. Rf3 Qe6 35. Qf8 f6 36. Kg1 Qg8 37. Qe7 Rxb3 38. Rxf6 Rxf2 39. Rxf2 Rb2 40. Ref1 Qxc4 41. g3 Bxf2+ 42. Rxf2 Qc1+ 43. Kg2 Rxf2+ 44. Kxf2 Qc2+ 45. Ke3 Qc3+ 46. Ke2 Qc2+ 1/2-1/2

[Event "Remote Superturnier 20 email"]
[Site "Remote email"]
[Date "2014.02.13"]
[Round "?"]
[White "Traut, Gerhard"]
[Black "Camacho, Carlos Eduardo"]
[Result "1-0"]
[WhiteElo "2294"]
[BlackElo "2175"]
[PlyCount "75"]
[EventDate "2014.??.??"]
[EventType "tourn (corr)"]
[EventRounds "14"]
[EventCountry "GER"]
[SourceTitle "Corr 2015"]
[Source "ChessBase"]
[SourceDate "2015.07.17"]
[SourceVersion "1"]
[SourceVersionDate "2015.07.17"]
[SourceQuality "1"]

1. e4 d6 2. d4 Nf6 3. Nc3 Nbd7 4. Nf3 e5 5. Bc4 exd4 6. Nxd4 Be7 7. 0-0 0-0 8. Qe2 Ne5 9. Bb3 c5 10. Nf3 Bg4 11. Bf4 Nxf3+ 12. gxf3 Be6 13. Rad1 Nh5 14. Bg3 Nxg3 15. hxg3 Bh3 16. Rfe1 Bf6 17. Nb5 Qe7 18. Kh2 Be6 19. Bxe6 fxe6 20. Nxd6 Bxb2 21. e5 a6 22. f4 b5 23. Ne4 c4 24. Qg4 Rfd8 25. Rd6 Kh8 26. Rxe6 Qb7 27. Nd6 Qd7 28. Rh1 Rf8 29. Kg2 g6 30. Qxg6 Ba3 31. Qe4 Ra7 32. Reh6 Bxd6 33. exd6 Qg7 34. Rxh7+ Qxh7 35. Rxh7+ Rxh7 36. Qe5+ Kg8 37. Qd5+ Rhf7 38. d7 1-0

[Event "Remote 4er 0241 email"]
[Site "Remote email"]
[Date "2014.02.02"]
[Round "?"]
[White "Krause, Peter"]
[Black "Camacho, Carlos Eduardo"]
[Result "1-0"]
[WhiteElo "2462"]
[BlackElo "2175"]
[PlyCount "79"]
[EventDate "2014.??.??"]
[EventType "tourn (corr)"]
[EventRounds "6"]
[EventCountry "GER"]
[SourceTitle "Corr 2015"]
[Source "ChessBase"]
[SourceDate "2015.07.17"]
[SourceVersion "1"]
[SourceVersionDate "2015.07.17"]
[SourceQuality "1"]

1. e4 d6 2. d4 Nf6 3. Nc3 Nbd7 4. f4 e5 5. Nf3 exd4 6. Qxd4 c6 7. Be3 d5 8. e5 Ng4 9. Bg1 Qb6 10. 0-0-0 Bc5 11. Qd2 Bxg1 12. Rxg1 Nc5 13. Kb1 Ne4 14. Qe1 Nxc3+ 15. Qxc3 Be6 16. Nd4 0-0 17. Qf3 Nh6 18. g4 c5 19. Ne2 Rae8 20. f5 Bd7 21. Qf4 Kh8 22. Rxd5 Bc6 23. Rd1 Qb4 24. c4 Rd8 25. Bh3 Ng8 26. f6 gxf6 27. exf6 b5 28. Ka1 Rxd1+ 29. Rxd1 h6 30. Nc3 Re8 31. g5 Qxc4 32. Qg3 Be4 33. Bf1 Qe6 34. Bxb5 Bg6 35. Bxe8 Qxe8 36. h4 Kh7 37. Qd6 a6 38. Qxc5 Qa8 39. Nd5 Qd8 40. Rg1 1-0

[Event "Remote 11er 0046 email"]
[Site "Remote email"]
[Date "2014.01.20"]
[Round "?"]
[White "Camacho, Carlos Eduardo"]
[Black "Knoeppel, Bjoern"]
[Result "0-1"]
[WhiteElo "2248"]
[BlackElo "2289"]
[PlyCount "120"]
[EventDate "2014.??.??"]
[EventType "tourn (corr)"]
[EventRounds "10"]
[EventCountry "GER"]
[SourceTitle "Corr 2015"]
[Source "ChessBase"]
[SourceDate "2015.07.17"]
[SourceVersion "1"]
[SourceVersionDate "2015.07.17"]
[SourceQuality "1"]

1. d4 c5 2. d5 e5 3. e4 d6 4. Nc3 Be7 5. f4 exf4 6. Bxf4 Nf6 7. Nf3 0-0 8. Be2 Bg4 9. Nd2 Bxe2 10. Qxe2 Re8 11. 0-0 Bf8 12. Qf3 Nbd7 13. Nc4 Nb6 14. Ne3 Nbd7 15. Nf5 Ne5 16. Bxe5 Rxe5 17. Rab1 b5 18. Rbe1 Qd7 19. Re3 b4 20. Nd1 h5 21. Nf2 Rae8 22. Re2 g6 23. Ng3 Bg7 24. Rfe1 c4 25. Nf1 Qb5 26. c3 R5e7 27. cxb4 Qxb4 28. Rd1 a5 29. Ng3 Nd7 30. Rdd2 Nc5 31. h4 a4 32. Rc2 Qb5 33. Rcd2 Qa6 34. Nf1 a3 35. bxa3 c3 36. Rc2 Bd4 37. Ng3 Nd3 38. Kh2 Ne5 39. Qf4 Rb8 40. Qc1 Bxf2 41. Rxf2 Ng4+ 42. Kh3 Nxf2+ 43. Rxf2 Qc8+ 44. Kh2 Qg4 45. Qxc3 Qxh4+ 46. Kg1 Rb1+ 47. Rf1 Rxf1+ 48. Kxf1 Qf4+ 49. Qf3 Qc1+ 50. Kf2 h4 51. Ne2 Qc2 52. Qc3 Qxe4 53. Ng1 Re8 54. Qc1 Qd4+ 55. Kf1 Qd3+ 56. Kf2 Re4 57. Nf3 Rc4 58. Qf1 Rc2+ 59. Kg1 Qe3+ 60. Kh2 Rf2 0-1

[Event "Remote 11er 0046 email"]
[Site "Remote email"]
[Date "2014.01.20"]
[Round "?"]
[White "Traut, Gerhard"]
[Black "Camacho, Carlos Eduardo"]
[Result "1/2-1/2"]
[WhiteElo "2294"]
[BlackElo "2175"]
[PlyCount "82"]
[EventDate "2014.??.??"]
[EventType "tourn (corr)"]
[EventRounds "10"]
[EventCountry "GER"]
[SourceTitle "Corr 2015"]
[Source "ChessBase"]
[SourceDate "2015.07.17"]
[SourceVersion "1"]
[SourceVersionDate "2015.07.17"]
[SourceQuality "1"]

1. Nf3 Nf6 2. c4 c5 3. Nc3 d5 4. cxd5 Nxd5 5. g3 Nc6 6. Bg2 Nxc3 7. bxc3 e5 8. 0-0 Be7 9. d3 0-0 10. Rb1 Rb8 11. Be3 Be6 12. c4 Qc7 13. Ng5 Bxg5 14. Bxg5 b6 15. Bd2 Qd7 16. Re1 Nd4 17. e3 Nc6 18. Bc3 Rbd8 19. Qb3 f6 20. Rb2 Rfe8 21. Rd2 Bh3 22. Bh1 Ne7 23. a4 Qd6 24. Ra1 Qe6 25. a5 Rd7 26. axb6 axb6 27. Bf3 Red8 28. Ra6 Rd6 29. Qb5 Kf8 30. Qb1 Bf5 31. e4 Bh3 32. Be2 Kg8 33. f3 f5 34. Rda2 fxe4 35. dxe4 Qh6 36. Be1 Rf8 37. Bf2 Rdf6 38. Rb2 Nc8 39. Ra3 R6f7 40. Be1 Qg6 41. Rbb3 Rf6 1/2-1/2

[Event "Remote 7er 0101 email"]
[Site "Remote email"]
[Date "2014.01.02"]
[Round "?"]
[White "Camacho, Carlos Eduardo"]
[Black "Santos, Pedro Miguel da Ros"]
[Result "1-0"]
[WhiteElo "2175"]
[BlackElo "1700"]
[PlyCount "47"]
[EventDate "2014.??.??"]
[EventType "tourn (corr)"]
[EventRounds "6"]
[EventCountry "GER"]
[SourceTitle "Corr 2015"]
[Source "ChessBase"]
[SourceDate "2015.07.17"]
[SourceVersion "1"]
[SourceVersionDate "2015.07.17"]
[SourceQuality "1"]

1. e4 c5 2. Nf3 e6 3. Nc3 Nc6 4. d4 cxd4 5. Nxd4 Bb4 6. Nxc6 bxc6 7. Qd4 c5 8. Qxg7 Qf6 9. Bh6 c4 10. Qxf6 Nxf6 11. Bg7 Nxe4 12. Bxh8 f6 13. a3 Bxc3+ 14. bxc3 Ba6 15. f3 Nxc3 16. Bxf6 Nd5 17. Bd4 d6 18. 0-0-0 Kd7 19. g3 e5 20. Bxe5 Kc6 21. f4 dxe5 22. Bg2 Rd8 23. Rxd5 Rxd5 24. Rd1 1-0

[Event "Remote 7er 0101 email"]
[Site "Remote email"]
[Date "2014.01.02"]
[Round "?"]
[White "Camacho, Carlos Eduardo"]
[Black "Valverde Lopez, Mario"]
[Result "1-0"]
[WhiteElo "2248"]
[BlackElo "2021"]
[PlyCount "95"]
[EventDate "2014.??.??"]
[EventType "tourn (corr)"]
[EventRounds "6"]
[EventCountry "GER"]
[SourceTitle "Corr 2015"]
[Source "ChessBase"]
[SourceDate "2015.07.17"]
[SourceVersion "1"]
[SourceVersionDate "2015.07.17"]
[SourceQuality "1"]

1. e4 g5 2. d4 h6 3. h4 g4 4. Qxg4 d5 5. Qf4 dxe4 6. Nc3 Nf6 7. Nxe4 Qxd4 8. Nxf6+ Qxf6 9. Qxf6 exf6 10. Bf4 c6 11. 0-0-0 Be6 12. Ne2 Nd7 13. Nc3 0-0-0 14. Be2 f5 15. Kb1 Rg8 16. g3 Bg7 17. Rhe1 Nc5 18. Rxd8+ Rxd8 19. Bf1 Bd4 20. Nd1 Ne4 21. Be2 Nxf2 22. c3 Bc5 23. Nxf2 Bxf2 24. Rf1 Bc5 25. Bxh6 Bd6 26. Bf4 Bxf4 27. gxf4 Rg8 28. h5 Kd7 29. Bf3 Ke7 30. Rh1 Kf8 31. h6 b5 32. Bxc6 a6 33. b4 Bc4 34. Kb2 Bd3 35. Rh2 Be4 36. Bd7 Bb7 37. Bxf5 Rh8 38. c4 bxc4 39. Kc3 Ke7 40. Kxc4 Kf6 41. Bd3 Ba8 42. Kc5 Bb7 43. Kb6 Bc8 44. h7 Ke7 45. a4 f6 46. Bxa6 Bf5 47. Bb7 Bxh7 48. a5 1-0

[Event "Remote 7er 0101 email"]
[Site "Remote email"]
[Date "2014.01.02"]
[Round "?"]
[White "Richter, Wolfgang"]
[Black "Camacho, Carlos Eduardo"]
[Result "0-1"]
[WhiteElo "2348"]
[BlackElo "2301"]
[PlyCount "100"]
[EventDate "2014.??.??"]
[EventType "tourn (corr)"]
[EventRounds "6"]
[EventCountry "GER"]
[SourceTitle "Corr 2015"]
[Source "ChessBase"]
[SourceDate "2015.07.17"]
[SourceVersion "1"]
[SourceVersionDate "2015.07.17"]
[SourceQuality "1"]

1. e4 d6 2. d4 Nf6 3. e5 dxe5 4. dxe5 Qxd1+ 5. Kxd1 Ng4 6. Ke1 Nxe5 7. Nc3 e6 8. f4 Ng4 9. h3 Nf6 10. Be3 Nc6 11. Nf3 Nb4 12. Rc1 Bd6 13. g3 Nbd5 14. Nxd5 exd5 15. c4 dxc4 16. Bxc4 0-0 17. Kf2 b6 18. a3 Bb7 19. Rhe1 Rad8 20. Rcd1 Ne4+ 21. Kg2 a5 22. Bd5 Bxd5 23. Rxd5 Rfe8 24. Bg1 g6 25. Nd2 Nxd2 26. Rxe8+ Rxe8 27. Rxd2 Re6 28. Kf3 f5 29. Be3 Kf7 30. Bd4 a4 31. Bc3 Re4 32. h4 h5 33. Rd5 Ke6 34. Rd1 c5 35. Bg7 b5 36. Ra1 c4 37. Rd1 Bc5 38. Rd2 Re3+ 39. Kg2 b4 40. axb4 Bxb4 41. Rd8 a3 42. bxa3 Rxa3 43. Re8+ Kd7 44. Rb8 Be1 45. Rb6 Rxg3+ 46. Kf1 Bd2 47. Be5 c3 48. Rd6+ Ke7 49. Rc6 Rg4 50. Bxc3 Rxf4+ 0-1